000
00287 a2200121 4500
999
_c
322962
_d
322962
001
87889
003
NUST
082
_a
891.551 SAD
100
_a
Sheikh Saadi Sherazi
_9
9743
245
_a
Hakiat e Saadi
_h
Urdu
260
_a
Lahore
_b
Jhan e Ilm o Adb
_c
2010
300
_a
288p
942
_a
CAE NUST
_c
BK
_k
891.551 SAD
_2
ddc